000 00226nam a2200097Ia 4500
008 170619s9999 xx 000 0 und d
100 _aAruldhas- G.
245 0 _aMolecular Structure and Spectroscopy
260 _bPHI
260 _c2011
546 _aENGLISH
999 _c19838
_d19838